| 000 | 00691nam 22002053 4500 | ||
|---|---|---|---|
| 001 | 199226 | ||
| 090 | _a199226 | ||
| 100 | _a20251124d u||y0pory50 ba | ||
| 101 | _apor | ||
| 200 |
_aNinguém Nasce Soldado _eOs Vivos e os Mortos II _fConstantino Simonov _gTradução de Maria de Fátima Fonseca e Sara Seruya |
||
| 210 |
_a[Lisboa] _cPublicações Europa-América _d1978 |
||
| 215 |
_a2 vol. _cBrochado _d21 cm |
||
| 225 |
_aSéculo XX _v152 e 153 |
||
| 300 | _aRomance | ||
| 606 |
_911 _aLiteratura Russa |
||
| 675 |
_a821.161.1-31/SIM/NIN _vPT _zpor |
||
| 700 |
_915126 _aSimonov _bConstantino _f1915-1979 |
||
| 801 |
_aPT _bBMMN _gRPC |
||
| 830 |
_cCarlos Pinto _d24-11-2025 _fCarlos Pinto |
||
| 990 | _cLIVROS | ||